Football Derbies around Europe - Statistics

General Stats
  • This quiz has been taken 137 times
  • The average score is 28 of 40
Answer Stats
Hint Answer % Correct
Milan, Italy AC Milan
100%
Inter
99%
Madrid, Spain Real Madrid
99%
Manchester City
98%
Atletico Madrid
96%
Manchester, England, UK Manchester United
96%
London, England, UK Arsenal
94%
Glasgow, Scotland, UK Celtic
92%
Chelsea
92%
Rangers
92%
AS Roma
90%
Barcelona, Spain Barcelona
90%
Sporting CP
88%
Lisbon, Portugal Benfica
85%
Rome, Italy SS Lazio
83%
Union Berlin
79%
Prague, Czech Republic Sparta Prague
76%
Sevilla, Spain Sevilla
74%
Birmingham FC
72%
Birmingham, England, UK Aston Villa
71%
Genoa, Italy Genoa
71%
Berlin, Germany Hertha BSC
71%
Espanyol
70%
Belgrade, Serbia Red Star
70%
Istanbul, Turkey Galatasaray
69%
Moscow, Russia CSKA Moscow
61%
Fenerbahce
61%
AEK
59%
Real Betis
59%
Slavia Prague
55%
Vienna, Austria Rapid Vienna
53%
Athens, Greece Panathinaikos
49%
Spartak Moscow
49%
Partizan
48%
Austria Vienna
45%
Budapest, Hungary Ferencvaros
43%
Sampdoria
43%
Kraków, Poland Wisła
30%
Cracovia
19%
Ujpest
17%
No matching quizzes found
Score Distribution
Percent of People with Each Score
Percentile by Number Answered
Your Score History
You have not taken this quiz